Littérature et morale dans le parti socialiste allemand (Record no. 165137)

MARC details
000 -LEADER
campo de control de longitud fija 00608nam a2200181 i 4500
001 - NÚMERO DE CONTROL
campo de control 165137
003 - IDENTIFICADOR DE NÚMERO DE CONTROL
campo de control ES-MaACL
005 - FECHA Y HORA DE LA ÚLTIMA TRANSACCIÓN
campo de control 20250727035326.0
008 - DATOS DE LONGITUD FIJA--INFORMACIÓN GENERAL
campo de control de longitud fija 050816s1898 fr | |||||||| ||fre d
040 ## - FUENTE DE CATALOGACIÓN
Centro catalogador/agencia de origen CAM
Lengua de catalogación spa
Centro/agencia transcriptor CAM
100 1# - ENTRADA PRINCIPAL--NOMBRE DE PERSONA
Nombre de persona Seillière, Ernest.
9 (RLIN) 105268
245 10 - MENCIÓN DEL TÍTULO
Título Littérature et morale dans le parti socialiste allemand
Resto del título : essais /
Mención de responsabilidad, etc. par Ernest Sillière.
260 ## - PUBLICACIÓN, DISTRIBUCIÓN, ETC.
Lugar de publicación, distribución, etc. Paris :
Nombre del editor, distribuidor, etc. E. Plon, Nourrit et c\pie\s imprimeur-éditeur,
Fecha de publicación, distribución, etc. 1898.
300 ## - DESCRIPCIÓN FÍSICA
Extensión XXIII, 361 p. ;
Dimensiones 19 cm.
650 #4 - PUNTO DE ACCESO ADICIONAL DE MATERIA--TÉRMINO DE MATERIA
Término de materia o nombre geográfico como elemento de entrada Socialismo-
Subdivisión geográfica Alemania
9 (RLIN) 17149
852 ## - LOCALIZACIÓN
Ubicación ES-MaACL
Número de control de estantería D-5128
Nota libre -- Rust.
Holdings
Estatus retirado Estado de pérdida Estado de daño No para préstamo Colección Biblioteca de origen Biblioteca actual Ubicación en estantería Fecha de adquisición Fuente de adquisición Total de préstamos Signatura topográfica completa Código de barras Visto por última vez Precio de reemplazo Tipo de ítem Koha
        Libros del s. XIX Biblioteca del Ateneo de Madrid Biblioteca del Ateneo de Madrid Sala Valle Inclán 17/01/2008     D-5128 901173151 23/02/2023 23/02/2023 Libro impreso antiguo